000
00283nam a22001337a 4500
008
170404b xxu||||| |||| 00| 0 eng d
020
_a
9781591662990
041
_a
eng
080
_2
3 ED
_a
574
100
_a
9
101
_a
SHM
245
_a
SPACE EARTH
_c
EGOLF.R.T
942
_2
udc
_c
BK
999
_c
9663
_d
9663